000 00423nam a2200193Ia 4500
005 20250423100111.0
008 250422s9999 xx 000 0 und d
020 _a978-0-07-283064-4
050 _aQH 91 .C37/
100 _aCastro, Peter
245 0 _aMarine biology
250 _a6th ed.
260 _aNew York
260 _bMcGraw-Hill
260 _c2007
300 _a460 p
650 _aBiology
942 _cBK
999 _c32284
_d32284